00678nam a2200205 a 4500001001300000003000900013005001700022008004100039020002300080082001800103100002000121245003800141260003900179300000900218500003500227505014200262650002800404650002000432700002000452nice12345678IN_TiNIC20260116013250.0050524s1999 jaia grp 000 0 eng  a8170333 c40000a306.0955bSIN aSingh, Yogendra aModernization of Indian Tradition aJaipur bRawat Publications c1999 a267p aincludes index and biblioraphy2 aThe author uses Clifford Greetz`s concept of the theatre state to help analyse contemporary politics and ethinic relations in the region. aCulture-India-Modernity aSociology-India1 aSingh, Yogendra